000 00304nam a2200133Ia 4500
005 20251222141931.0
008 251222s9999||||xx |||||||||||||| ||spa||
020 _a978-9972-659-54-6
082 _a884.9/L85
100 _aLongo
245 0 _aDafnis o Cloe
264 _bFondo Editorial PUCP
942 _cLIB
999 _c9046
_d9046